000
00419nam a2200133Ia 4500
008
100328s9999 xx 000 0 und d
082
_b
28261
100
_a
मेहता शाशिकला
245
_a
अनार की कश्मीरा
260
_b
सुवर्णा
630
_a
अनार की कश्मीरा
730
_a
अनार की कश्मीरा
942
_c
BOOK
999
_c
519777
_d
519774